[Event "London Classic op 5th"]
[Site "London"]
[Date "2013.12.11"]
[Round "5"]
[White "Bukojemski, Adam"]
[Black "Pleininger, Rudolf"]
[Result "1-0"]
[WhiteElo "2243"]
[BlackElo "1968"]
[PlyCount "61"]
[EventDate "2013.12.07"]
[EventType "swiss"]
[EventRounds "9"]
[EventCountry "ENG"]
[SourceTitle "CBM 157 Extra"]
[Source "ChessBase"]
[SourceDate "2013.12.19"]
[SourceVersion "1"]
[SourceVersionDate "2013.12.19"]
[SourceQuality "1"]

1. e4 e5 2. Nf3 Nc6 3. d4 exd4 4. Nxd4 Nf6 5. Nc3 Bb4 6. Nxc6 bxc6 7. Bd3 0-0 8. 0-0 Re8 9. Qf3 h6 10. a3 Bc5 11. Bf4 d6 12. h3 Rb8 13. Rab1 Bd4 14. Ne2 Be5 15. b4 Qe7 16. Be3 Bd7 17. Rbe1 Kh8 18. g4 Nh7 19. Qg2 g5 20. Ng3 Nf6 21. f4 gxf4 22. Bxf4 Bxf4 23. Rxf4 Nh7 24. Ref1 Rf8 25. Qf2 Ng5 26. Kg2 d5 27. exd5 cxd5 28. Qd4+ Kg8 29. Rf6 Rb6 30. Nh5 Re8 31. Rxb6 1-0

[Event "London Classic op 4th"]
[Site "London"]
[Date "2012.12.09"]
[Round "9"]
[White "Pleininger, Rudolf"]
[Black "Marshall, Michael"]
[Result "1-0"]
[WhiteElo "1997"]
[BlackElo "1898"]
[PlyCount "181"]
[EventDate "2012.12.01"]
[EventType "swiss"]
[EventRounds "9"]
[EventCountry "ENG"]
[SourceTitle "EXT 2014"]
[Source "ChessBase"]
[SourceDate "2013.11.20"]
[SourceVersion "1"]
[SourceVersionDate "2013.11.20"]
[SourceQuality "1"]

1. e4 c5 2. Nc3 e6 3. f4 Nc6 4. Bb5 Qc7 5. Nf3 a6 6. Bxc6 bxc6 7. 0-0 Nf6 8. d3 Be7 9. e5 Nd5 10. Ne4 f5 11. Ng3 Nb6 12. Qe2 Bb7 13. Bd2 c4 14. dxc4 c5 15. a4 0-0 16. a5 Nc8 17. Bc3 Na7 18. Rfd1 Rad8 19. Rd2 Nc6 20. Nh1 h6 21. h4 Rf7 22. b3 g6 23. Nf2 Rg7 24. Nh3 Rf8 25. g3 Nd4 26. Nxd4 cxd4 27. Bxd4 Qc6 28. Kh2 g5 29. hxg5 hxg5 30. Qg2 Qxg2+ 31. Rxg2 g4 32. Nf2 Bxg2 33. Kxg2 Rh7 34. c5 Kf7 35. Rh1 Rxh1 36. Kxh1 Rb8 37. Nd3 Bd8 38. b4 Ke8 39. Bc3 Ke7 40. Nb2 Bc7 41. Nc4 Ke8 42. Kg2 Ke7 43. Kf2 Rh8 44. Kg2 Rb8 45. Be1 Kd8 46. Bc3 Ke7 47. Nb2 Bd8 48. Nd3 Bc7 49. Be1 Rc8 50. Kf2 Rh8 51. Ke3 Rb8 52. Kd4 Bd8 53. Kc3 Ke8 54. c6 Rc8 55. Kd4 Rxc6 56. c4 Rc8 57. Nc5 Ra8 58. Nb7 Rb8 59. Nxd8 Kxd8 60. Kc5 Rc8+ 61. Kb6 Rc6+ 62. Kb7 Rxc4 63. Kxa6 Rc6+ 64. Kb5 Kc7 65. Bf2 Kb7 66. Bb6 Rc3 67. a6+ Ka8 68. Bf2 Rc2 69. Bc5 Rc3 70. Kb6 Rxg3 71. b5 Rc3 72. Bb4 Rc1 73. Bd2 Rc2 74. Be1 Rc1 75. Bh4 Rc3 76. Be1 Rc1 77. Bh4 Rc3 78. Ka5 g3 79. b6 Ra3+ 80. Kb5 Rb3+ 81. Kc5 Rc3+ 82. Kd6 Rc6+ 83. Kxd7 Rxb6 84. Bxg3 Rxa6 85. Bh4 Kb7 86. Bg5 Ra4 87. Kxe6 Kc6 88. Kxf5 Kd7 89. Kg6 Ra6+ 90. Kf7 Ra2 91. e6+ 1-0

[Event "Lenk op 23rd"]
[Site "Lenk"]
[Date "2012.04.06"]
[Round "3"]
[White "Pleininger, Rudolf"]
[Black "Turkmani, Julian"]
[Result "1-0"]
[WhiteElo "1965"]
[BlackElo "1779"]
[PlyCount "129"]
[EventDate "2012.04.05"]
[EventType "swiss"]
[EventRounds "7"]
[EventCountry "SUI"]
[SourceTitle "CBM 148 Extra"]
[Source "ChessBase"]
[SourceDate "2012.06.22"]
[SourceVersion "1"]
[SourceVersionDate "2012.06.22"]
[SourceQuality "1"]

1. e4 e5 2. Nf3 Nc6 3. d4 exd4 4. Bc4 Nf6 5. e5 d5 6. Bb5 Ne4 7. Nxd4 Bc5 8. Be3 Bd7 9. Bxc6 bxc6 10. 0-0 Bb6 11. f3 Ng5 12. f4 Ne4 13. Nc3 Nxc3 14. bxc3 c5 15. Ne2 Bg4 16. h3 Bxe2 17. Qxe2 Qe7 18. a4 c4 19. Bxb6 axb6 20. f5 Qc5+ 21. Kh1 0-0-0 22. e6 Rhe8 23. Qg4 h5 24. Qxg7 fxe6 25. f6 Rf8 26. Qg5 d4 27. Qxc5 bxc5 28. Rae1 Kd7 29. g4 hxg4 30. hxg4 Rh8+ 31. Kg2 Rh4 32. Kg3 Rdh8 33. f7 Rh3+ 34. Kf4 Rf8 35. Kg5 Rg3 36. cxd4 cxd4 37. Re4 c5 38. Kf6 d3 39. Kg7 Ke7 40. Rf6 dxc2 41. Rexe6+ Kd7 42. Re1 Rxf7+ 43. Rxf7+ Kc6 44. Re6+ Kd5 45. Re1 Rxg4+ 46. Kf8 c3 47. Rf2 Rxa4 48. Rxc2 Ra3 49. Rec1 Kc4 50. Ke7 Kd3 51. Kd6 c4 52. Kc5 Rb3 53. Kd5 Rb5+ 54. Kc6 Rb3 55. Kc5 Ra3 56. Kb4 Rb3+ 57. Ka4 Kd4 58. Rd1+ Kc5 59. Rh2 Rb4+ 60. Ka3 Rb3+ 61. Ka2 Kc6 62. Rh6+ Kc5 63. Rh5+ Kc6 64. Rg1 Rb2+ 65. Ka1 1-0

[Event "London Classic op"]
[Site "London"]
[Date "2011.12.10"]
[Round "8"]
[White "Pleininger, Rudolf"]
[Black "Tozer, Philip AA"]
[Result "0-1"]
[WhiteElo "1939"]
[BlackElo "2159"]
[PlyCount "108"]
[EventDate "2011.12.03"]
[EventType "swiss"]
[EventRounds "9"]
[EventCountry "ENG"]
[SourceTitle "CBM 145 Extra"]
[Source "ChessBase"]
[SourceDate "2012.01.03"]
[SourceVersion "1"]
[SourceVersionDate "2012.01.03"]
[SourceQuality "1"]

1. e4 e6 2. d4 d5 3. Nc3 Nf6 4. Bg5 Be7 5. e5 Nfd7 6. Bxe7 Qxe7 7. f4 0-0 8. Nf3 c5 9. dxc5 Nc6 10. Qd2 f6 11. 0-0-0 fxe5 12. Nxe5 Ndxe5 13. fxe5 Nxe5 14. Re1 Qf6 15. Nxd5 exd5 16. Qxd5+ Nf7 17. Bc4 Bf5 18. Rhf1 g6 19. g4 Qg5+ 20. Kb1 Qxg4 21. h3 Qh4 22. Bb3 b6 23. c6 Rad8 24. Qf3 Rfe8 25. Rxe8+ Rxe8 26. Qc3 Qe7 27. a3 Qe5 28. Qf3 Kg7 29. Rd1 Qe3 30. Qd5 Be6 31. Qd3 Bxb3 32. Qxe3 Rxe3 33. cxb3 Re8 34. b4 a6 35. a4 b5 36. a5 Rc8 37. Rc1 Rc7 38. Rc5 Nd8 39. Rd5 Nxc6 40. Rc5 Rc8 41. h4 Ne7 42. Re5 Kf6 43. Re1 Nf5 44. Re4 Rc6 45. Ka2 Re6 46. Rf4 Ke5 47. Rf1 Nxh4 48. Rf7 h5 49. Rc7 Nf5 50. Rc5+ Kf4 51. Rc7 h4 52. Rb7 h3 53. Rb6 Nd6 54. b3 h2 0-1

[Event "London Classic op"]
[Site "London"]
[Date "2011.12.08"]
[Round "6"]
[White "Pleininger, Rudolf"]
[Black "Bates, Richard"]
[Result "0-1"]
[WhiteElo "1939"]
[BlackElo "2386"]
[PlyCount "72"]
[EventDate "2011.12.03"]
[EventType "swiss"]
[EventRounds "9"]
[EventCountry "ENG"]
[SourceTitle "CBM 145 Extra"]
[Source "ChessBase"]
[SourceDate "2012.01.03"]
[SourceVersion "1"]
[SourceVersionDate "2012.01.03"]
[SourceQuality "1"]

1. e4 c5 2. Nc3 Nc6 3. f4 g6 4. Bb5 Nd4 5. Nf3 Bg7 6. 0-0 Nxb5 7. Nxb5 d5 8. exd5 a6 9. Nc3 Nf6 10. d4 c4 11. Ne5 Nxd5 12. Nxc4 Nxc3 13. bxc3 Qc7 14. Qd3 Bf5 15. Qe2 Be6 16. Ne5 Qxc3 17. Be3 Bd5 18. Rfc1 Rc8 19. a4 0-0 20. Qd2 Be4 21. Ra2 Rfd8 22. Qxc3 Rxc3 23. Bd2 Rcc8 24. c3 f6 25. Nf3 Bd5 26. Rb2 Rc4 27. Ra1 h6 28. Kf2 g5 29. g3 Kf7 30. h4 gxf4 31. gxf4 h5 32. Nh2 e5 33. dxe5 fxe5 34. fxe5 Rf8 35. Rb4 Rxb4 36. cxb4 Bxe5 0-1

[Event "Hastings Masters op 86th"]
[Site "Hastings"]
[Date "2011.01.04"]
[Round "8"]
[White "Pleininger, Rudolf"]
[Black "Clayton, Tristan"]
[Result "0-1"]
[WhiteElo "1998"]
[BlackElo "1791"]
[PlyCount "120"]
[EventDate "2010.12.28"]
[EventType "swiss"]
[EventRounds "9"]
[EventCountry "ENG"]
[SourceTitle "CBM 140 Extra"]
[Source "ChessBase"]
[SourceDate "2011.03.01"]
[SourceVersion "1"]
[SourceVersionDate "2011.03.01"]
[SourceQuality "1"]

1. e4 c6 2. d4 d5 3. exd5 cxd5 4. Bd3 Nc6 5. c3 Qc7 6. Nf3 Bg4 7. 0-0 Nf6 8. h3 Bh5 9. Nbd2 e6 10. Re1 Be7 11. Qc2 Bg6 12. Ne5 Nxe5 13. dxe5 Nd7 14. Nf3 a6 15. a4 Bxd3 16. Qxd3 Nc5 17. Qd1 Ne4 18. Nd4 Bh4 19. g3 Be7 20. Nf3 0-0 21. a5 Bc5 22. Be3 Rac8 23. Bxc5 Qxc5 24. Qd4 Qb5 25. Ra2 Rc4 26. Qd1 Qc5 27. Qe2 Nxg3 28. Qe3 Qxe3 29. Rxe3 Nf5 30. Re1 Rfc8 31. Nd2 R4c6 32. Rea1 Ne7 33. Ra4 Ng6 34. f4 Nh4 35. Rb4 Rb8 36. Nb3 Nf5 37. Kf2 b5 38. axb6 Rcxb6 39. Rxa6 Rxb4 40. cxb4 g6 41. Ra4 Rb5 42. Ke2 h6 43. Kd3 g5 44. fxg5 hxg5 45. Na1 Kg7 46. Nc2 f6 47. exf6+ Kxf6 48. Ra5 Rb8 49. Rc5 Rh8 50. Na3 Rxh3+ 51. Kc2 Ne3+ 52. Kb1 Rh1+ 53. Ka2 g4 54. Nc2 Nxc2 55. Rxc2 Rh7 56. Kb3 g3 57. b5 Rg7 58. Rg2 Kf5 59. b6 Kf4 60. Kb4 Kf3 0-1

[Event "Hastings Masters op 86th"]
[Site "Hastings"]
[Date "2010.12.30"]
[Round "3"]
[White "Snape, Ian L"]
[Black "Pleininger, Rudolf"]
[Result "1-0"]
[WhiteElo "2228"]
[BlackElo "1998"]
[PlyCount "59"]
[EventDate "2010.12.28"]
[EventType "swiss"]
[EventRounds "9"]
[EventCountry "ENG"]
[SourceTitle "CBM 140 Extra"]
[Source "ChessBase"]
[SourceDate "2011.03.01"]
[SourceVersion "1"]
[SourceVersionDate "2011.03.01"]
[SourceQuality "1"]

1. e4 c5 2. Nf3 g6 3. d4 cxd4 4. Qxd4 Nf6 5. e5 Nc6 6. Qa4 Nd5 7. Qe4 e6 8. Bd3 Bg7 9. 0-0 0-0 10. a3 d6 11. c4 Nde7 12. exd6 Qxd6 13. Nc3 Nd4 14. Nxd4 Qxd4 15. Qe2 Bd7 16. Bg5 Bf6 17. Be3 Qe5 18. Rfd1 Bc6 19. f4 Qc7 20. Rac1 Qa5 21. Ne4 Bg7 22. b4 Qxa3 23. Bc5 Bxe4 24. Bxe4 Rfe8 25. Bxb7 Rab8 26. Be4 Nf5 27. Qd3 Bb2 28. Rb1 a5 29. Qc2 Bf6 30. Rd3 1-0

[Event "Bern op"]
[Site "Bern"]
[Date "2004.02.15"]
[Round "7"]
[White "Bernig, Andreas"]
[Black "Pleininger, Rudolf"]
[Result "1-0"]
[WhiteElo "1931"]
[BlackElo "2055"]
[PlyCount "75"]
[EventDate "2004.02.??"]
[EventType "swiss"]
[EventRounds "7"]
[EventCountry "SUI"]
[SourceTitle "EXT 2005"]
[Source "ChessBase"]
[SourceDate "2004.11.15"]
[SourceVersion "1"]
[SourceVersionDate "2004.11.15"]
[SourceQuality "1"]

1. e4 d6 2. d4 Nf6 3. Nc3 g6 4. f4 Bg7 5. Nf3 c5 6. dxc5 Qa5 7. Bb5+ Nc6 8. 0-0 0-0 9. cxd6 exd6 10. Bd2 Nxe4 11. Bxc6 Nxd2 12. Qxd2 Bxc3 13. bxc3 Qb6+ 14. Kh1 Qxc6 15. Nd4 Qd7 16. f5 Rd8 17. Qh6 Qe8 18. Rae1 Qf8 19. Qg5 h6 20. Qf6 Bxf5 21. Nxf5 gxf5 22. Re3 d5 23. Rg3+ Kh7 24. Qxf5+ Kh8 25. Qf6+ Kh7 26. Qxf7+ Qxf7 27. Rxf7+ Kh8 28. Rxb7 Rab8 29. Rb3 Rb6 30. Rxb6 axb6 31. Rg6 d4 32. cxd4 Rxd4 33. h3 Kh7 34. Rxb6 Rc4 35. Rb2 h5 36. a3 h4 37. Rb4 Rxc2 38. Rxh4+ 1-0

[Event "Bern op"]
[Site "Bern"]
[Date "2004.02.13"]
[Round "3"]
[White "Pleininger, Rudolf"]
[Black "Fiechter, Pierre"]
[Result "1/2-1/2"]
[WhiteElo "2055"]
[BlackElo "1723"]
[PlyCount "32"]
[EventDate "2004.02.??"]
[EventType "swiss"]
[EventRounds "7"]
[EventCountry "SUI"]
[SourceTitle "EXT 2005"]
[Source "ChessBase"]
[SourceDate "2004.11.15"]
[SourceVersion "1"]
[SourceVersionDate "2004.11.15"]
[SourceQuality "1"]

1. e4 c5 2. c3 d5 3. exd5 Qxd5 4. d4 Nc6 5. dxc5 Qxd1+ 6. Kxd1 Bf5 7. Nf3 e5 8. Be3 0-0-0+ 9. Ke1 Nge7 10. Bc4 Nd5 11. Bxd5 Rxd5 12. b4 Bd3 13. Nbd2 e4 14. b5 exf3 15. bxc6 bxc6 16. Nxf3 Bxc5 1/2-1/2

[Event "Bern Ambassador op"]
[Site "Bern"]
[Date "1997.12.??"]
[Round "3"]
[White "Emmott, Steven Newman"]
[Black "Pleininger, Rudolf"]
[Result "1-0"]
[WhiteElo "1777"]
[BlackElo "1970"]
[PlyCount "33"]
[EventDate "1997.12.??"]
[EventType "swiss"]
[EventRounds "7"]
[EventCountry "SUI"]
[SourceTitle "EXT 1999"]
[Source "ChessBase"]
[SourceDate "1998.11.16"]
[SourceVersion "1"]
[SourceVersionDate "1998.11.16"]
[SourceQuality "1"]

1. e4 d5 2. exd5 Qxd5 3. Nc3 Qa5 4. d4 Nf6 5. Bc4 Bg4 6. f3 Bf5 7. Bd2 Qb4 8. Bb3 Qxd4 9. Qe2 c6 10. 0-0-0 Nbd7 11. g4 Bg6 12. Be3 Qb4 13. f4 Be4 14. Nxe4 Qxe4 15. Nf3 Nxg4 16. Bxf7+ Kd8 17. Bb6+ 1-0